Loading...
| History - World History | 1 | 2 | 0 | 0 | 35 | 48 | 89.00 | 1 | 3 |
| History - American History | 1 | 1 | 0 | 0 | 25 | 57 | 77.00 | 0 | 1 |
| Fine Arts - Other Arts | 0 | 1 | 0 | 0 | 10 | 92 | 92.00 | 0 | 1 |
| Geography | 0 | 1 | 0 | 0 | 10 | 97 | 97.00 | 0 | 0 |
| History - European History | 0 | 1 | 0 | 0 | 10 | 115 | 115.00 | 0 | 0 |
| Literature - European Literature | 0 | 1 | 0 | 0 | 10 | 141 | 141.00 | 0 | 0 |
| Literature - World Literature | 0 | 1 | 0 | 0 | 10 | 97 | 97.00 | 0 | 1 |
| Visual Arts | 0 | 1 | 0 | 0 | 10 | 118 | 118.00 | 0 | 1 |
| Beliefs | 0 | 2 | 2 | 2 | 10 | 124 | 129.50 | 0 | 0 |
| Science - Chemistry | 0 | 1 | 0 | 0 | 10 | 111 | 111.00 | 0 | 0 |
| Auditory Arts | 0 | 1 | 1 | 0 | 5 | 101 | 101.00 | 0 | 0 |
| Philosophy | 0 | 1 | 1 | 0 | 5 | 78 | 78.00 | 0 | 1 |
| Social Science | 0 | 0 | 1 | 0 | -5 | 0.00 | 0 | 0 |